Integración pedagógica de la aplicación Minecraft Edu en educación primaria : un estudio de caso (Record no. 170744)
[ view plain ]
| 000 -CABECERA | |
|---|---|
| campo de control de longitud fija | 01684nab a2200301 a 4500 |
| 005 - FECHA Y HORA DE LA ÚLTIMA TRANSACCIÓN | |
| campo de control | 20210219162143.0 |
| 008 - ELEMENTOS DE LONGITUD FIJA--INFORMACIÓN GENERAL | |
| campo de control de longitud fija | 991125s1985 mx 000 0 spa u |
| 035 ## - NÚMERO DE CONTROL DEL SISTEMA | |
| Número de control de sistema | UPN01000198643 |
| 049 ## - COLECCIÓN | |
| Colección | ART-E |
| 100 1# - ASIENTO PRINCIPAL--NOMBRE PERSONAL | |
| Nombre de persona | Sáez López, José Manuel |
| Enlace | - Joshhe1977@yahoo.es |
| 100 1# - ASIENTO PRINCIPAL--NOMBRE PERSONAL | |
| Nombre de persona | Domínguez Garrido, María Concepción |
| 222 #0 - TÍTULO CLAVE | |
| Título clave | PIXEL BIT : |
| Información calificativa | REVISTA DE MEDIOS Y EDUCACION |
| 245 00 - MENCIÓN DE TÍTULO | |
| Título | Integración pedagógica de la aplicación Minecraft Edu en educación primaria : un estudio de caso |
| 260 ## - PUBLICACIÓN, DISTRIBUCIÓN, ETC. | |
| Lugar de publicación, distribución, etc. | Sevilla, España |
| 300 ## - DESCRIPCIÓN FÍSICA | |
| Extensión | 95-110 |
| 362 0# - FECHAS DE PUBLICACIÓN Y/O DESIGNACIÓN SECUENCIAL | |
| Fecha de publicación y/o designación secuencial | 2014, no. 45, jul |
| 336 ## - TIPO DE CONTENIDO | |
| Término de tipo de contenido | texto$2rdacontent |
| 337 ## - TIPO DE MEDIO | |
| Nombre/término del tipo de medio | computadora$2rdamedia |
| 338 ## - TIPO DE SOPORTE | |
| Nombre/término del tipo de soporte | recurso en linea$2rdacarrier |
| 520 3# - NOTA DE RESUMEN, ETC. | |
| Sumario, etc. | La presente investigación analiza la práctica en el aula al utilizar la aplicación Minecraft Edu valorando las actitudes de la comunidad educativa a través de un cuestionario mixto (APMA) y comparando a través de inferencia estadística los resultados de varios grupos de alumnos de primaria. A pesar de que no se aprecian mejoras significativas y que los padres mantienen valoraciones negativas, cabe destacar que la mayoría de los sujetos considera que Minecraft Edu mejora la creatividad, desarrolla el descubrimiento, es divertido, aplica de un modo efectivo contenidos orientados a edificios históricos y aporta ventajas de interacción vinculadas a los microblogs. |
| 653 0# - TERMINO DE INDIZACION - NO CONTROLADO | |
| Término no controlado | APRENDIZAJE BASADO EN JUEGOS |
| 653 0# - TERMINO DE INDIZACION - NO CONTROLADO | |
| Término no controlado | APRENDIZAJE POR DESCUBRIMIENTO |
| 653 0# - TERMINO DE INDIZACION - NO CONTROLADO | |
| Término no controlado | PRACTICAS EDUCATIVAS |
| 653 0# - TERMINO DE INDIZACION - NO CONTROLADO | |
| Término no controlado | EDUCACION PRIMARIA |
| 856 4# - LOCALIZACIÓN Y ACCESO ELECTRÓNICOS | |
| Identificador Uniforme del Recurso | <a href="http://acdc.sav.us.es/pixelbit/images/stories/p45/07.pdf">http://acdc.sav.us.es/pixelbit/images/stories/p45/07.pdf</a> |
| 905 ## - TIPO DE MATERIAL | |
| Tipo de material | Articulo |
No items available.
